空港が複数ある都道府県を選ぶ -サドンデス- - Statistics

General Stats
  • This quiz has been taken 835 times
  • The average score is 12 of 20
Answers on the Grid
Answers color-coded by a green-red scale on the quiz's grid according to % correct below.
北海道
青森県
岩手県
宮城県
秋田県
山形県
福島県
茨城県
栃木県
群馬県
埼玉県
千葉県
東京都
神奈川県
新潟県
富山県
石川県
福井県
山梨県
長野県
岐阜県
静岡県
愛知県
三重県
滋賀県
京都府
大阪府
兵庫県
奈良県
和歌山県
鳥取県
島根県
岡山県
広島県
山口県
徳島県
香川県
愛媛県
高知県
福岡県
佐賀県
長崎県
熊本県
大分県
宮崎県
鹿児島県
沖縄県
 
Answer Stats
Answer % Correct
14(新千歳・札幌・函館など) 北海道
98%
7(東京国際・調布・八丈島など) 東京都
79%
13(那覇・宮古・石垣など) 沖縄県
79%
3(関西国際・大阪国際・八尾) 大阪府
77%
8(鹿児島・屋久島・奄美など) 鹿児島県
68%
2(中部国際・名古屋) 愛知県
66%
3(大阪国際・神戸・但馬) 兵庫県
65%
6(長崎・対馬・壱岐など) 長崎県
65%
2(福岡・北九州) 福岡県
63%
2(青森・三沢) 青森県
58%
3(出雲・石見・隠岐) 島根県
58%
2(新潟・佐渡) 新潟県
57%
2(小松・能登) 石川県
53%
2(鳥取・美保) 鳥取県
50%
2(秋田 ・大館能代) 秋田県
49%
2(山形・庄内) 山形県
49%
2(山口宇部・岩国) 山口県
49%
2(熊本・天草) 熊本県
46%
2(大分・大分県央) 大分県
32%
2(岡山・岡南) 岡山県
28%
No matching quizzes found
Score Distribution
Percent of People with Each Score
Percentile by Number Answered
Your Score History
You have not taken this quiz